000
00294nam a2200121Ia 4500
008
220204s9999 xx 000 0 und d
082
_a
294.527
_b
HIT
100
_a
Hittleman, Richard L
245
0
_a
Yoga for personal living
260
_a
New York
_b
Warner
_c
1972
650
_a
Yoga
942
_c
BK
999
_c
30001
_d
30001